Guide to topology (Record no. 143010)

MARC details
000 -LEADER
fixed length control field 00376nam a2200145Ia 4500
008 - FIXED-LENGTH DATA ELEMENTS--GENERAL INFORMATION
fixed length control field 230917s9999||||xx |||||||||||||| ||und||
040 ## - CATALOGING SOURCE
-- 155999
Original cataloging agency VIVEKANANDA LIBRARY
041 ## - Language
-- English
082 ## - DDC NUMBER
Classification number 514 K863G
100 ## - MAIN ENTRY--PERSONAL NAME
Personal name Krantz, Steven G
245 #0 - TITLE STATEMENT
Title Guide to topology
260 ## - PUBLICATION, DISTRIBUTION, ETC. (IMPRINT)
Place of publication, distribution, etc Washington D C
Name of publisher, distributor, etc Mathematical Association of America
Date of publication, distribution, etc 2009
300 ## - PHYSICAL DESCRIPTION
Pages ix, 107 p.
942 ## - ADDED ENTRY ELEMENTS (KOHA)
Koha item type Books
Holdings
Withdrawn status Lost status Damaged status Not for loan Location (home branch) Sublocation or collection (holding branch) Date acquired Koha issues (times borrowed) Koha full call number Accession No. Koha date last seen Koha item type
        VIVEKANANDA LIBRARY VIVEKANANDA LIBRARY 02/05/2010   514 K863G 254444 17/09/2023 Books
        VIVEKANANDA LIBRARY VIVEKANANDA LIBRARY 02/05/2010   514 K863G 282834 17/09/2023 Books
        VIVEKANANDA LIBRARY VIVEKANANDA LIBRARY 02/05/2010   514 K863G 305550 17/09/2023 Books
© Designed and Maintained by Vivekananda Library, MDU Rohtak